| 000 | 00951cam a2200241 a 4500 | ||
|---|---|---|---|
| 001 | 000004911 | ||
| 005 | 20200929151530.0 | ||
| 008 | 870717s1987 pr b 000 p spa | ||
| 020 | _a0865814171 | ||
| 040 |
_aDO-SdBNP _cDLC _dDLC |
||
| 082 |
_aPR861.08 _bS718d |
||
| 100 | 1 |
_aSotomayor Miletti, Aurea María _d1951- _914201 |
|
| 245 | 1 | 0 |
_aDe lengua, razón y cuerpo : _b(nueve poetas contemporáneas puertorriqueñas) : antología y ensayo crítico / _cAurea María Sotomayor Miletti. |
| 260 |
_aSan Juan, Puerto Rico : _bInstituto de Cultura Puertorriqueña, _c1987. |
||
| 300 |
_a254 p. ; _c22 cm. |
||
| 490 | 1 | _aAntologías/crítica | |
| 490 | 1 | _aLetras contemporáneas | |
| 504 | _aIncluye referencias bibliográficas | ||
| 650 | 4 |
_aPoesía puertorriqueña _xHistoria y crítica _98219 |
|
| 650 | 4 |
_aLiteratura puertorriqueña _9250 |
|
| 830 | 0 |
_aLetras contemporáneas. _pAntologías /crítica. _914202 |
|
| 910 | _aCatalogación por copia / LC | ||
| 999 |
_c4717 _d4717 |
||